Hong Kong trade and industrial organizations.
| Format: | Book |
|---|---|
| Published: |
Hong Kong:
Industrial Department,
1986.
|
| Subjects: |
| LEADER | 00463cam a2200157 7i4500 | ||
|---|---|---|---|
| 001 | 0000001508 | ||
| 005 | 19991025090000.0 | ||
| 002 | ##000002250 | ||
| 020 | 0 | 0 | |a T000002255 |
| 090 | 0 | 0 | |a 00.07 45 344 |b HON |
| 245 | 0 | 0 | |a Hong Kong trade and industrial organizations. |
| 260 | 0 | 0 | |a Hong Kong: |b Industrial Department, |c 1986. |
| 300 | 0 | 0 | |a 83p. |
| 650 | 0 | 0 | |a Trade -- |x Directories -- |z Hong Kong |
| 651 | 0 | 0 | |a Hong Kong |
| 999 | |a 0000003655 |b Book |c Reference |e Business Information Centre | ||